Phân lập và khảo sát đặc tính của một số dòng vi khuẩn nội sinh trong cây mía : Luận văn Thạc sĩ Khoa học chuyên ngành Công nghệ Sinh học

Luận văn phân lập và khảo sát đặc tính của một số dòng vi khuẩn nội sinh trong cây mía ở các tỉnh Đồng bằng Sông Cửu Long để làm cơ sở nghiên cứu sản xuất phân vi sinh bón cho cây mía.

Đã lưu trong:
书目详细资料
主要作者: Nguyễn, Thị Phương Tâm
格式: 图书
语言:Undetermined
出版: Cần Thơ Trường Đại học Cần Thơ 2011
主题:
标签: 添加标签
没有标签, 成为第一个标记此记录!
Thư viện lưu trữ: Trung tâm Học liệu Trường Đại học Cần Thơ
LEADER 01200nam a2200217Ia 4500
001 CTU_170016
008 210402s9999 xx 000 0 und d
082 |a 660.63 
082 |b T120 
088 |a 60420201 
100 |a Nguyễn, Thị Phương Tâm 
245 0 |a Phân lập và khảo sát đặc tính của một số dòng vi khuẩn nội sinh trong cây mía : 
245 0 |b Luận văn Thạc sĩ Khoa học chuyên ngành Công nghệ Sinh học 
245 0 |c Nguyễn Thị Phương Tâm ; Nguyễn Hữu Hiệp (Người hướng dẫn khoa học) 
260 |a Cần Thơ 
260 |b Trường Đại học Cần Thơ 
260 |c 2011 
520 |a Luận văn phân lập và khảo sát đặc tính của một số dòng vi khuẩn nội sinh trong cây mía ở các tỉnh Đồng bằng Sông Cửu Long để làm cơ sở nghiên cứu sản xuất phân vi sinh bón cho cây mía. 
650 |a Kĩ thuật sinh hóa học,Biochemical engineering 
904 |i Ngoc huyền, Lan Anh, Trúc 
980 |a Trung tâm Học liệu Trường Đại học Cần Thơ